[Event "WLS-ch"]
[Site "Caerphilly"]
[Date "1994.04.??"]
[Round "?"]
[White "Guy, David T"]
[Black "Adams, Mark A"]
[Result "0-1"]
[WhiteElo "1845"]
[BlackElo "2085"]
[PlyCount "66"]
[EventDate "1994.04.01"]
[EventType "swiss"]
[EventRounds "6"]
[EventCountry "WLS"]
[SourceTitle "BritBase"]
[Source "John Saunders"]
[SourceDate "2024.03.28"]
[SourceVersion "1"]
[SourceVersionDate "2024.03.28"]
[SourceQuality "1"]

1. e4 c5 2. Nf3 d6 3. d4 cxd4 4. Nxd4 Nf6 5. Nc3 a6 6. Bg5 e6 7. f4 Be7 8. Qf3
Qa5 9. O-O-O Nc6 10. Nxc6 bxc6 11. Bxf6 gxf6 12. e5 d5 13. g4 Rb8 14. h4 fxe5
15. fxe5 Bb4 16. Rh3 Be7 17. Qf4 Qb4 18. Qxb4 Rxb4 19. g5 Rxh4 20. Rdd3 Bxg5+
21. Kd1 Rxh3 22. Rxh3 f5 23. exf6 Bxf6 24. Bd3 h6 25. Na4 Ke7 26. c3 e5 27. Re3
Rg8 28. Nc5 a5 29. Nb3 a4 30. Nc5 Rg1+ 31. Re1 Bg4+ 32. Be2 Bxe2+ 33. Kxe2 Rg2+
0-1

[Event "WLS-ch"]
[Site "Caerphilly"]
[Date "1994.04.??"]
[Round "?"]
[White "Jones, Andrew R"]
[Black "Summers, Charles B"]
[Result "1/2-1/2"]
[WhiteElo "2295"]
[BlackElo "1930"]
[PlyCount "44"]
[EventDate "1994.04.01"]
[EventType "swiss"]
[EventRounds "6"]
[EventCountry "WLS"]
[SourceTitle "BritBase"]
[Source "John Saunders"]
[SourceDate "2024.03.28"]
[SourceVersion "1"]
[SourceVersionDate "2024.03.28"]
[SourceQuality "1"]

1. e4 c5 2. Nc3 Nc6 3. g3 g6 4. Bg2 Bg7 5. d3 d6 6. f4 Rb8 7. Nf3 e6 8. O-O
Nge7 9. Be3 b5 10. Rb1 b4 11. Ne2 Ba6 12. g4 h5 13. gxh5 Rxh5 14. Ng3 Rh8 15.
f5 exf5 16. exf5 Ne5 17. Bg5 f6 18. Nxe5 dxe5 19. Be3 Bb7 20. Bxb7 Rxb7 21. Qg4
Qc8 22. Rf2 Bh6 1/2-1/2

[Event "WLS-ch"]
[Site "Caerphilly"]
[Date "1994.04.??"]
[Round "?"]
[White "Jones, Andrew R"]
[Black "Rizvi, Nasir"]
[Result "1-0"]
[WhiteElo "2295"]
[BlackElo "1985"]
[PlyCount "65"]
[EventDate "1994.04.01"]
[EventType "swiss"]
[EventRounds "6"]
[EventCountry "WLS"]
[SourceTitle "BritBase"]
[Source "John Saunders"]
[SourceDate "2024.03.28"]
[SourceVersion "1"]
[SourceVersionDate "2024.03.28"]
[SourceQuality "1"]

1. e4 g6 2. d4 d6 3. Nc3 Bg7 4. f4 Nc6 5. Be3 Nf6 6. Be2 O-O 7. Nf3 a6 8. a4 e6
9. O-O b6 10. h3 Bb7 11. Nh2 Ne7 12. Bf3 d5 13. e5 Ne4 14. g4 Nxc3 15. bxc3 a5
16. Be2 Qd7 17. Nf3 Bc6 18. Bd3 f5 19. exf6 Bxf6 20. Qe2 Bxa4 21. Bc1 c5 22.
Rxa4 Qxa4 23. Bb5 Qa2 24. Qxe6+ Kh8 25. g5 Bg7 26. Qxe7 Qxc2 27. dxc5 bxc5 28.
Qxc5 Qf5 29. Ne5 Rac8 30. Qe3 Qc2 31. Bd3 Qxc3 32. Bd2 Qc7 33. Rc1 1-0

[Event "WLS-ch"]
[Site "Caerphilly"]
[Date "1994.04.??"]
[Round "?"]
[White "Jones, Andrew R"]
[Black "Dyce, Andrew N"]
[Result "1/2-1/2"]
[WhiteElo "2265"]
[BlackElo "1960"]
[PlyCount "65"]
[EventDate "1994.04.01"]
[EventType "swiss"]
[EventRounds "6"]
[EventCountry "WLS"]
[SourceTitle "BritBase"]
[Source "John Saunders"]
[SourceDate "2024.03.28"]
[SourceVersion "1"]
[SourceVersionDate "2024.03.28"]
[SourceQuality "1"]

1. e4 c5 2. Nc3 g6 3. g3 Bg7 4. Bg2 e6 5. d3 Nc6 6. Be3 d6 7. f4 Nge7 8. Nf3
O-O 9. O-O b6 10. d4 Bb7 11. Rf2 Na5 12. Bf1 Qc8 13. Qd3 d5 14. e5 Nc4 15. Bc1
Nc6 16. b3 Nb4 17. Qd1 cxd4 18. Qxd4 Nc6 19. Qd3 Nb4 20. Qd1 Nxe5 21. Nxe5 Bxe5
22. fxe5 Qxc3 23. Bd2 Qc5 24. Bh6 Rfc8 25. Qf3 Qe7 26. Qf4 Rc3 27. Bh3 Rxc2 28.
Rxc2 Nxc2 29. Rf1 Rc8 30. Bg5 Qf8 31. Rf2 d4 32. Bh6 Qe7 33. Bg5 1/2-1/2

[Event "WLS-ch"]
[Site "Caerphilly"]
[Date "1994.04.??"]
[Round "?"]
[White "Kelly, Paul J"]
[Black "Smith, Jeff R"]
[Result "0-1"]
[WhiteElo "1900"]
[BlackElo "2175"]
[PlyCount "38"]
[EventDate "1994.04.01"]
[EventType "swiss"]
[EventRounds "6"]
[EventCountry "WLS"]
[SourceTitle "BritBase"]
[Source "John Saunders"]
[SourceDate "2024.03.28"]
[SourceVersion "1"]
[SourceVersionDate "2024.03.28"]
[SourceQuality "1"]

1. e4 e5 2. Nf3 Nc6 3. Bb5 f5 4. d3 Nf6 5. O-O Bc5 6. Nxe5 Nxe5 7. d4 O-O 8.
exf5 d5 9. dxe5 Ne4 10. g4 Bxf5 11. gxf5 Rxf5 12. Be3 Bxe3 13. fxe3 Qg5+ 14.
Kh1 c6 15. Rxf5 Qxf5 16. Bd3 Rf8 17. Bxe4 Qxe4+ 18. Kg1 Qg6+ 19. Kh1 Rf2 0-1

[Event "WLS-ch"]
[Site "Caerphilly"]
[Date "1994.04.??"]
[Round "?"]
[White "Kelly, Paul J"]
[Black "Saunders, Walter Nigel R"]
[Result "0-1"]
[WhiteElo "1800"]
[BlackElo "2075"]
[PlyCount "72"]
[EventDate "1994.04.01"]
[EventType "swiss"]
[EventRounds "6"]
[EventCountry "WLS"]
[SourceTitle "BritBase"]
[Source "John Saunders"]
[SourceDate "2024.03.28"]
[SourceVersion "1"]
[SourceVersionDate "2024.03.28"]
[SourceQuality "1"]

1. e4 g6 2. d4 Bg7 3. Nc3 c6 4. Be3 d5 5. Qd2 dxe4 6. Bc4 Nf6 7. f3 exf3 8.
Nxf3 O-O 9. Bh6 b5 10. Bxg7 Kxg7 11. Bb3 a5 12. a3 Na6 13. O-O b4 14. axb4 Nxb4
15. Ne5 c5 16. Rad1 Qxd4+ 17. Qxd4 cxd4 18. Rxd4 Bf5 19. Rf2 h5 20. h3 Ra6 21.
g4 hxg4 22. hxg4 Be6 23. Ba4 Rd6 24. Rdf4 g5 25. R4f3 Rd4 26. Rg3 Ne4 27. Nxe4
Rxe4 28. Nd7 Rd8 29. Nc5 Re1+ 30. Rf1 Rxf1+ 31. Kxf1 Bc4+ 32. Ke1 Rd5 33. Ne4
Re5 34. Re3 Nd5 35. Kf2 Nxe3 36. Kxe3 Bd5 0-1

[Event "WLS-ch"]
[Site "Caerphilly"]
[Date "1994.04.??"]
[Round "?"]
[White "Morcom, Huw C"]
[Black "Sheehan, Anthony"]
[Result "0-1"]
[WhiteElo "2005"]
[BlackElo "2010"]
[PlyCount "64"]
[EventDate "1994.04.01"]
[EventType "swiss"]
[EventRounds "6"]
[EventCountry "WLS"]
[SourceTitle "BritBase"]
[Source "John Saunders"]
[SourceDate "2024.03.28"]
[SourceVersion "1"]
[SourceVersionDate "2024.03.28"]
[SourceQuality "1"]

1. e4 e5 2. Nc3 Nf6 3. f4 d5 4. fxe5 Nxe4 5. Nf3 Be7 6. g3 O-O 7. d3 Nxc3 8.
bxc3 f6 9. d4 fxe5 10. Nxe5 Bd6 11. Bd3 Qe7 12. Rf1 Bxe5 13. Rxf8+ Kxf8 14.
dxe5 Qxe5+ 15. Kf1 Qf6+ 16. Kg1 Bf5 17. Ba3+ Kg8 18. Qe2 Nd7 19. Rf1 Bxd3 20.
Qxd3 Qe6 21. Rd1 Nf6 22. Bc5 c6 23. Bd4 b6 24. Qa6 Qc8 25. Qf1 Ne4 26. Qf4 Qd7
27. Rf1 Qe7 28. Qg4 c5 29. Bxg7 Qxg7 30. Qe6+ Kh8 31. Qxd5 Re8 32. Rf7 Nxc3 0-1

[Event "WLS-ch"]
[Site "Caerphilly"]
[Date "1994.04.??"]
[Round "?"]
[White "Morcom, Huw C"]
[Black "Jones, Andrew R"]
[Result "1-0"]
[WhiteElo "2005"]
[BlackElo "2265"]
[PlyCount "49"]
[EventDate "1994.04.01"]
[EventType "swiss"]
[EventRounds "6"]
[EventCountry "WLS"]
[SourceTitle "BritBase"]
[Source "John Saunders"]
[SourceDate "2024.03.28"]
[SourceVersion "1"]
[SourceVersionDate "2024.03.28"]
[SourceQuality "1"]

1. a3 e5 2. b3 d5 3. Bb2 Bd6 4. g3 Nf6 5. Bg2 c6 6. e3 Bg4 7. Qc1 Nbd7 8. h3
Bf5 9. d3 Qc7 10. Ne2 h6 11. Nd2 Nc5 12. O-O Qd7 13. Kh2 g5 14. f4 gxf4 15.
exf4 exf4 16. Nxf4 Be7 17. Nf3 Be6 18. Qe3 b6 19. Rae1 Rg8 20. b4 Nb7 21. Nxe6
fxe6 22. Qxh6 Bd6 23. Bxf6 Bxg3+ 24. Kh1 Nd6 25. Qh5+ 1-0

[Event "WLS-ch"]
[Site "Caerphilly"]
[Date "1994.04.??"]
[Round "?"]
[White "Morris, Charles F"]
[Black "Evans, David K"]
[Result "0-1"]
[WhiteElo "2235"]
[BlackElo "2035"]
[PlyCount "74"]
[EventDate "1994.04.01"]
[EventType "swiss"]
[EventRounds "6"]
[EventCountry "WLS"]
[SourceTitle "BritBase"]
[Source "John Saunders"]
[SourceDate "2024.03.28"]
[SourceVersion "1"]
[SourceVersionDate "2024.03.28"]
[SourceQuality "1"]

1. d4 Nf6 2. c4 d6 3. Nc3 e5 4. Nf3 Nbd7 5. g3 Be7 6. Bg2 O-O 7. O-O Re8 8. b3
c6 9. Qc2 Bf8 10. dxe5 dxe5 11. Ng5 Qc7 12. Bb2 g6 13. Rad1 Nc5 14. b4 Na6 15.
a3 Bf5 16. Be4 Nxe4 17. Ngxe4 Red8 18. g4 Bxe4 19. Nxe4 Bg7 20. g5 Qe7 21. f4
Rxd1 22. Rxd1 Qe6 23. Kh1 Nc7 24. Rd6 Qh3 25. Qd1 Ne6 26. fxe5 Qf5 27. Nf6+ Kh8
28. e4 Qxg5 29. Qf3 Qh4 30. Rd1 Ng5 31. Qg3 Qxg3 32. hxg3 a5 33. Rd7 axb4 34.
axb4 h5 35. Rxb7 Bxf6 36. exf6 Ra2 37. Be5 Nf3 0-1

[Event "WLS-ch"]
[Site "Caerphilly"]
[Date "1994.04.??"]
[Round "?"]
[White "Morris, Charles F"]
[Black "Downey, Keith AB"]
[Result "1-0"]
[WhiteElo "2235"]
[BlackElo "1975"]
[PlyCount "51"]
[EventDate "1994.04.01"]
[EventType "swiss"]
[EventRounds "6"]
[EventCountry "WLS"]
[SourceTitle "BritBase"]
[Source "John Saunders"]
[SourceDate "2024.03.28"]
[SourceVersion "1"]
[SourceVersionDate "2024.03.28"]
[SourceQuality "1"]

1. c4 Nf6 2. Nc3 c5 3. Nf3 e6 4. g3 b6 5. Bg2 Bb7 6. O-O a6 7. d4 cxd4 8. Qxd4
d6 9. b3 Nbd7 10. Rd1 Be7 11. Bb2 Qc7 12. Ng5 Bxg2 13. Kxg2 Rd8 14. Qf4 O-O 15.
f3 h6 16. Nge4 Nxe4 17. Nxe4 Nc5 18. Qg4 e5 19. Nxc5 bxc5 20. e4 a5 21. Bc3 Ra8
22. f4 f6 23. Qe6+ Kh8 24. fxe5 fxe5 25. Bxe5 Rab8 26. Qxh6+ 1-0

[Event "WLS-ch"]
[Site "Caerphilly"]
[Date "1994.04.??"]
[Round "?"]
[White "Morris, Gareth"]
[Black "Blakemore, Michael"]
[Result "1/2-1/2"]
[WhiteElo "2020"]
[BlackElo "1755"]
[PlyCount "48"]
[EventDate "1994.04.01"]
[EventType "swiss"]
[EventRounds "6"]
[EventCountry "WLS"]
[SourceTitle "BritBase"]
[Source "John Saunders"]
[SourceDate "2024.03.28"]
[SourceVersion "1"]
[SourceVersionDate "2024.03.28"]
[SourceQuality "1"]

1. d4 Nf6 2. c4 g6 3. Nc3 Bg7 4. e4 d6 5. f4 O-O 6. Nf3 c5 7. dxc5 dxc5 8. Qxd8
Rxd8 9. e5 Ne8 10. Be3 b6 11. Be2 Bb7 12. O-O Nc6 13. Rad1 Nc7 14. Ng5 h6 15.
Nge4 Nd4 16. Bg4 f5 17. exf6 exf6 18. f5 gxf5 19. Bxf5 Nxf5 20. Rxd8+ Rxd8 21.
Rxf5 Bxe4 22. Nxe4 Re8 23. Bf4 Rxe4 24. Bxc7 Rxc4 1/2-1/2

[Event "WLS-ch"]
[Site "Caerphilly"]
[Date "1994.04.??"]
[Round "?"]
[White "Owen, N"]
[Black "Gilbert, Jonathan A"]
[Result "0-1"]
[WhiteElo "1800"]
[BlackElo "2070"]
[PlyCount "44"]
[EventDate "1994.04.01"]
[EventType "swiss"]
[EventRounds "6"]
[EventCountry "WLS"]
[SourceTitle "BritBase"]
[Source "John Saunders"]
[SourceDate "2024.03.28"]
[SourceVersion "1"]
[SourceVersionDate "2024.03.28"]
[SourceQuality "1"]

1. e4 c5 2. Nf3 d6 3. c3 Nf6 4. Qc2 Nc6 5. Be2 g6 6. O-O Bg7 7. d3 O-O 8. h3 e5
9. Be3 Nh5 10. Rd1 Nf4 11. Bf1 f5 12. Nbd2 Kh8 13. Nb3 g5 14. Qd2 h5 15. g3
Nxh3+ 16. Bxh3 f4 17. Bxc8 Qxc8 18. Kg2 Bh6 19. Rh1 Qe8 20. Bxc5 dxc5 21. Nxc5
g4 22. Nh4 f3+ 0-1

[Event "WLS-ch"]
[Site "Caerphilly"]
[Date "1994.04.??"]
[Round "?"]
[White "Richmond, Peter Allan"]
[Black "Summers, Charles B"]
[Result "1/2-1/2"]
[WhiteElo "2235"]
[BlackElo "2005"]
[PlyCount "38"]
[EventDate "1994.04.01"]
[EventType "swiss"]
[EventRounds "6"]
[EventCountry "WLS"]
[SourceTitle "BritBase"]
[Source "John Saunders"]
[SourceDate "2024.03.28"]
[SourceVersion "1"]
[SourceVersionDate "2024.03.28"]
[SourceQuality "1"]

1. d4 d5 2. c4 c6 3. Nc3 Nf6 4. e3 e6 5. Nf3 Nbd7 6. Bd3 dxc4 7. Bxc4 b5 8. Bd3
Bb7 9. O-O a6 10. Qe2 c5 11. Ne5 Qc7 12. f4 Be7 13. Bd2 Rc8 14. Rac1 Qb6 15.
Nxd7 Nxd7 16. d5 c4 17. dxe6 Qxe6 18. Bc2 Bc5 19. Nd1 Nf6 1/2-1/2

[Event "WLS-ch"]
[Site "Caerphilly"]
[Date "1994.04.??"]
[Round "?"]
[White "Richmond, Peter Allan"]
[Black "Morcom, Huw C"]
[Result "1-0"]
[WhiteElo "2225"]
[BlackElo "2005"]
[PlyCount "49"]
[EventDate "1994.04.01"]
[EventType "swiss"]
[EventRounds "6"]
[EventCountry "WLS"]
[SourceTitle "BritBase"]
[Source "John Saunders"]
[SourceDate "2024.03.28"]
[SourceVersion "1"]
[SourceVersionDate "2024.03.28"]
[SourceQuality "1"]

1. e4 g6 2. d4 Bg7 3. Nc3 a6 4. Be3 d6 5. Qd2 Nd7 6. h4 h5 7. Nh3 b5 8. a4 b4
9. Ne2 a5 10. Ng5 c6 11. Nf4 Nb6 12. c3 bxc3 13. bxc3 Nf6 14. f3 O-O 15. Qa2 e6
16. g4 Re8 17. gxh5 gxh5 18. Rg1 Kf8 19. Qg2 Bh8 20. e5 Nfd5 21. Nxd5 Nxd5 22.
Nh7+ Ke7 23. Bg5+ f6 24. Bxf6+ Nxf6 25. Qg7+ 1-0

[Event "WLS-ch"]
[Site "Caerphilly"]
[Date "1994.04.??"]
[Round "?"]
[White "Rizvi, Nasir"]
[Black "Morris, Gareth"]
[Result "1-0"]
[WhiteElo "1985"]
[BlackElo "2020"]
[PlyCount "37"]
[EventDate "1994.04.01"]
[EventType "swiss"]
[EventRounds "6"]
[EventCountry "WLS"]
[SourceTitle "BritBase"]
[Source "John Saunders"]
[SourceDate "2024.03.28"]
[SourceVersion "1"]
[SourceVersionDate "2024.03.28"]
[SourceQuality "1"]

1. e4 c5 2. Nc3 Nc6 3. g3 g6 4. Bg2 Bg7 5. Nge2 e6 6. O-O Nge7 7. d3 a6 8. Be3
b6 9. Qd2 h6 10. Rae1 d5 11. exd5 Nxd5 12. Nxd5 exd5 13. Nc3 Be6 14. Nxd5 Bxd5
15. Bg5+ Ne7 16. Rxe7+ Qxe7 17. Bxe7 Bxg2 18. Qe1 Bxf1 19. Bxc5+ 1-0

[Event "WLS-ch"]
[Site "Caerphilly"]
[Date "1994.04.??"]
[Round "?"]
[White "Rizvi, Nasir"]
[Black "Blakemore, Michael"]
[Result "0-1"]
[WhiteElo "1985"]
[BlackElo "1755"]
[PlyCount "78"]
[EventDate "1994.04.01"]
[EventType "swiss"]
[EventRounds "6"]
[EventCountry "WLS"]
[SourceTitle "BritBase"]
[Source "John Saunders"]
[SourceDate "2024.03.28"]
[SourceVersion "1"]
[SourceVersionDate "2024.03.28"]
[SourceQuality "1"]

1. e4 c5 2. Nf3 e6 3. d4 cxd4 4. Nxd4 Nc6 5. Nb5 d6 6. c4 Nf6 7. N1c3 a6 8. Na3
Be7 9. Be2 b6 10. O-O Bb7 11. Be3 O-O 12. f3 Re8 13. Qb3 Nd7 14. Na4 Rb8 15.
Rfd1 Ba8 16. Nc3 Nc5 17. Qc2 Qc7 18. Rd2 Nb4 19. Qd1 Red8 20. Nab1 Nc6 21. a3
Nd7 22. Bf4 Nf6 23. Qa4 Na5 24. Nd1 b5 25. cxb5 axb5 26. Qb4 Nh5 27. Be3 d5 28.
Qc3 Qxc3 29. Ndxc3 Nb3 30. Bd1 Nxa1 31. b4 dxe4 32. fxe4 Rxd2 33. Nxd2 Nf6 34.
Kf2 Nd7 35. Ndb1 Bf6 36. Bc1 Rc8 37. Bb2 Bxe4 38. Bxa1 Bxb1 39. Nxb5 Bxa1 0-1

[Event "WLS-ch"]
[Site "Caerphilly"]
[Date "1994.04.??"]
[Round "?"]
[White "Roberts, David L"]
[Black "Trevelyan, Clive"]
[Result "0-1"]
[WhiteElo "1900"]
[BlackElo "2045"]
[PlyCount "62"]
[EventDate "1994.04.01"]
[EventType "swiss"]
[EventRounds "6"]
[EventCountry "WLS"]
[SourceTitle "BritBase"]
[Source "John Saunders"]
[SourceDate "2024.03.28"]
[SourceVersion "1"]
[SourceVersionDate "2024.03.28"]
[SourceQuality "1"]

1. e4 g6 2. d4 Bg7 3. c4 d6 4. Nc3 e5 5. d5 Nd7 6. Be3 Bh6 7. Qd2 Bxe3 8. fxe3
a6 9. Nf3 h5 10. h3 g5 11. O-O-O Qf6 12. Kb1 Qg6 13. Qf2 Ngf6 14. b4 h4 15. Bd3
Nh5 16. Ne2 a5 17. a3 axb4 18. axb4 Ra4 19. Qe1 Ndf6 20. Bc2 Ra3 21. Rd3 Rxd3
22. Bxd3 Nxe4 23. Nxg5 Qxg5 24. Bxe4 Qxe3 25. Bc2 Ng3 26. Nxg3 Qxe1+ 27. Rxe1
hxg3 28. c5 f5 29. Re3 f4 30. Ra3 O-O 31. Rf3 Bxh3 0-1

[Event "WLS-ch"]
[Site "Caerphilly"]
[Date "1994.04.??"]
[Round "?"]
[White "Roberts, David L"]
[Black "Saunders, Walter Nigel R"]
[Result "0-1"]
[WhiteElo "1900"]
[BlackElo "2075"]
[PlyCount "84"]
[EventDate "1994.04.01"]
[EventType "swiss"]
[EventRounds "6"]
[EventCountry "WLS"]
[SourceTitle "BritBase"]
[Source "John Saunders"]
[SourceDate "2024.03.28"]
[SourceVersion "1"]
[SourceVersionDate "2024.03.28"]
[SourceQuality "1"]

1. e4 e6 2. d4 d5 3. Nc3 Nf6 4. e5 Nfd7 5. Bb5 a6 6. Bxd7+ Bxd7 7. Nce2 c5 8.
c3 Nc6 9. Nf3 cxd4 10. Nexd4 Qc7 11. Bf4 Nxd4 12. Nxd4 Qc4 13. Qe2 Qxe2+ 14.
Nxe2 Bb5 15. Rd1 a5 16. Rd2 Be7 17. Be3 O-O 18. Nd4 Ba6 19. a3 a4 20. Kd1 Bc4
21. Kc1 Rac8 22. Nc2 Rfe8 23. Re1 f6 24. Bd4 f5 25. f4 g5 26. g3 Kf7 27. Be3
gxf4 28. Bxf4 h5 29. h4 Rg8 30. Nd4 Ba6 31. Nf3 Rc4 32. Rd4 Rgc8 33. Kd2 Bb5
34. Rxc4 Rxc4 35. Nd4 Ba6 36. Be3 Bd8 37. Nc2 Rg4 38. Bf4 Bxh4 39. Rh1 Bxg3 40.
Bxg3 Rxg3 41. Rxh5 Rg2+ 42. Kc1 Re2 0-1

[Event "WLS-ch"]
[Site "Caerphilly"]
[Date "1994.04.??"]
[Round "?"]
[White "Roberts, David L"]
[Black "Griffiths, B"]
[Result "0-1"]
[WhiteElo "1800"]
[BlackElo "1700"]
[PlyCount "70"]
[EventDate "1994.04.01"]
[EventType "swiss"]
[EventRounds "6"]
[EventCountry "WLS"]
[SourceTitle "BritBase"]
[Source "John Saunders"]
[SourceDate "2024.03.28"]
[SourceVersion "1"]
[SourceVersionDate "2024.03.28"]
[SourceQuality "1"]

1. c4 e6 2. Nf3 d5 3. e3 Nf6 4. Nc3 c5 5. d4 cxd4 6. Nxd4 Be7 7. cxd5 Nxd5 8.
Bb5+ Bd7 9. Nxd5 exd5 10. Bxd7+ Qxd7 11. Bd2 O-O 12. O-O Re8 13. Rc1 Bd6 14.
Bc3 a6 15. Qf3 Nc6 16. Nf5 Ne5 17. Qxd5 Qxf5 18. Qxd6 Rad8 19. Qb6 Nd7 20. Qa5
Qg6 21. Rfd1 b6 22. Qd5 h5 23. Qf3 h4 24. h3 Nc5 25. Rxd8 Rxd8 26. Bd4 Ne4 27.
Qf4 Ng5 28. Qg4 f5 29. Qe2 Nxh3+ 30. Kf1 Ng5 31. Rc7 Ne6 32. Qc4 Kh7 33. Rc6
Re8 34. Rxb6 Qg4 35. Qc2 h3 0-1

[Event "WLS-ch"]
[Site "Caerphilly"]
[Date "1994.04.??"]
[Round "?"]
[White "Saunders, Walter Nigel R"]
[Black "Morcom, Huw C"]
[Result "1/2-1/2"]
[WhiteElo "2075"]
[BlackElo "2005"]
[PlyCount "137"]
[EventDate "1994.04.01"]
[EventType "swiss"]
[EventRounds "6"]
[EventCountry "WLS"]
[SourceTitle "BritBase"]
[Source "John Saunders"]
[SourceDate "2024.03.28"]
[SourceVersion "1"]
[SourceVersionDate "2024.03.28"]
[SourceQuality "1"]

1. d4 Nf6 2. Nf3 c5 3. d5 d6 4. g3 g6 5. Bg2 Bg7 6. Nc3 O-O 7. O-O Na6 8. Nd2
Nc7 9. a4 e6 10. e4 exd5 11. exd5 Bg4 12. f3 Bd7 13. Nc4 b5 14. Nxd6 bxa4 15.
Nb7 Qc8 16. Nxc5 Nb5 17. Nxd7 Nxd7 18. Nxa4 Qc4 19. c3 Ne5 20. Be3 Rab8 21. b3
Qc7 22. c4 Nxc4 23. bxc4 Bxa1 24. cxb5 Bg7 25. Qd3 Qa5 26. Nc5 Rxb5 27. Rc1 Rc8
28. d6 Rbxc5 29. Bxc5 Rxc5 30. Rd1 Rc8 31. d7 Rd8 32. f4 Bf8 33. h3 Qc7 34. Qb5
Qc5+ 35. Qxc5 Bxc5+ 36. Kf1 Kf8 37. Bb7 Bb6 38. Bc8 f6 39. g4 Kf7 40. Ke2 Ke7
41. Kf3 Rf8 42. Re1+ Kd8 43. Re6 Bc7 44. Ke4 a5 45. Ra6 f5+ 46. gxf5 Rxf5 47.
Re6 Rxf4+ 48. Kd5 Rf8 49. Kc6 Bf4 50. Kb5 Bd2 51. Re2 Bb4 52. Kc4 Be7 53. Re6
a4 54. Ra6 a3 55. Ra8 Kc7 56. Ra7+ Kb6 57. Rb7+ Kc6 58. Rb1 Kc7 59. Rd1 Rf4+
60. Kb3 Rb4+ 61. Kc2 Ra4 62. Ra1 a2 63. d8=Q+ Kxd8 64. Be6 Ra3 65. Rxa2 Rg3 66.
Ra6 Bg5 67. Ra8+ Ke7 68. Bg8 Rxh3 69. Bxh7 1/2-1/2

[Event "WLS-ch"]
[Site "Caerphilly"]
[Date "1994.04.??"]
[Round "?"]
[White "Saunders, Walter Nigel R"]
[Black "Evans, David K"]
[Result "0-1"]
[WhiteElo "2075"]
[BlackElo "2035"]
[PlyCount "135"]
[EventDate "1994.04.01"]
[EventType "swiss"]
[EventRounds "6"]
[EventCountry "WLS"]
[SourceTitle "BritBase"]
[Source "John Saunders"]
[SourceDate "2024.03.28"]
[SourceVersion "1"]
[SourceVersionDate "2024.03.28"]
[SourceQuality "1"]

1. d4 Nf6 2. Nf3 d6 3. Bg5 Nbd7 4. Nbd2 h6 5. Bh4 g6 6. e4 Bg7 7. Be2 O-O 8.
O-O c5 9. c3 a6 10. Re1 b5 11. Qc2 Qc7 12. e5 Nd5 13. e6 fxe6 14. Qxg6 Nf4 15.
Qb1 cxd4 16. Nxd4 Ne5 17. Bg3 Bd7 18. Qe4 d5 19. Qe3 Neg6 20. Bd3 e5 21. Ne2 e4
22. Bc2 e5 23. Nb3 Rac8 24. Rac1 h5 25. Qd2 Be6 26. Bxf4 Nxf4 27. Nxf4 Rxf4 28.
Bd1 Qf7 29. Rc2 Bh6 30. Qe2 Rf5 31. Nd2 Kh7 32. Nf1 Rg8 33. Ne3 Rfg5 34. h4 Bg4
35. Qf1 R5g6 36. Bxg4 hxg4 37. g3 Rd6 38. Ng2 Qg6 39. Qe2 Rgd8 40. Ne3 Rg8 41.
Rd1 d4 42. cxd4 exd4 43. Rc7+ Kh8 44. Ng2 d3 45. Qe1 Re8 46. Qc3+ Bg7 47. Qb3
Qe6 48. Qxe6 Rdxe6 49. Ne3 Bxb2 50. Nxg4 Rg6 51. Ne3 Bd4 52. Nf5 Bb6 53. Rd7
Rf6 54. Rd5 Rc8 55. g4 Rc2 56. Rf1 Rxa2 57. h5 Rf7 58. Nh6 Rf8 59. Nf5 Rxf2 60.
Rxf2 e3 61. Rxd3 e2 62. Kg2 e1=Q 63. Rfd2 Re8 64. Rd6 Re2+ 65. Rxe2 Qxe2+ 66.
Kh3 Bc7 67. Rh6+ Kg8 68. g5 0-1

[Event "WLS-ch"]
[Site "Caerphilly"]
[Date "1994.04.??"]
[Round "?"]
[White "Sheehan, Anthony"]
[Black "Richmond, Peter Allan"]
[Result "0-1"]
[WhiteElo "2010"]
[BlackElo "2225"]
[PlyCount "80"]
[EventDate "1994.04.01"]
[EventType "swiss"]
[EventRounds "6"]
[EventCountry "WLS"]
[SourceTitle "BritBase"]
[Source "John Saunders"]
[SourceDate "2024.03.28"]
[SourceVersion "1"]
[SourceVersionDate "2024.03.28"]
[SourceQuality "1"]

1. Nf3 Nf6 2. g3 g6 3. Bg2 Bg7 4. O-O O-O 5. d4 c5 6. d5 d6 7. c4 b5 8. cxb5 a6
9. bxa6 Nbd7 10. Nc3 Bxa6 11. Re1 Nb6 12. e4 Nfd7 13. Bf1 Bxf1 14. Rxf1 Qc8 15.
Qe2 Qa6 16. Re1 Qxe2 17. Rxe2 Rfb8 18. Rc2 Nc4 19. b3 Na3 20. Bxa3 Rxa3 21. Re1
Bxc3 22. Rxc3 Rxa2 23. Rd1 Rb4 24. Re3 f6 25. Rd2 Ra1+ 26. Kg2 g5 27. h3 h5 28.
Rc2 g4 29. Nd2 Ne5 30. f4 gxh3+ 31. Kxh3 Ng4 32. Re2 Rd4 33. Kg2 Rd3 34. Rb2
Ne3+ 35. Kh2 Rc1 36. Ra2 Kf7 37. Rb2 Rcc3 38. Kg1 Nd1 39. Ra2 Rc1 40. Nf1 Ne3
0-1

[Event "WLS-ch"]
[Site "Caerphilly"]
[Date "1994.04.??"]
[Round "?"]
[White "Sheehan, Anthony"]
[Black "Trevelyan, Clive"]
[Result "0-1"]
[WhiteElo "2010"]
[BlackElo "2045"]
[PlyCount "88"]
[EventDate "1994.04.01"]
[EventType "swiss"]
[EventRounds "6"]
[EventCountry "WLS"]
[SourceTitle "BritBase"]
[Source "John Saunders"]
[SourceDate "2024.03.28"]
[SourceVersion "1"]
[SourceVersionDate "2024.03.28"]
[SourceQuality "1"]

1. b4 e5 2. Bb2 d6 3. c4 Nf6 4. e3 Bf5 5. Nf3 Nbd7 6. Be2 Be7 7. O-O O-O 8. Nc3
c6 9. d4 h6 10. Nd2 exd4 11. exd4 Qb6 12. a3 Rfe8 13. Nb3 d5 14. c5 Qc7 15. Bd3
Bxd3 16. Qxd3 Nf8 17. Rae1 Ng6 18. Bc1 Bf8 19. g3 Qd7 20. Qf3 Qh3 21. Nd2 Re6
22. Rxe6 Qxe6 23. Kg2 Re8 24. Nd1 Ne4 25. Ne3 Be7 26. Qf5 Bf6 27. Qxe6 Rxe6 28.
Nc2 Ne7 29. Nxe4 Rxe4 30. Be3 Nf5 31. Rd1 Kf8 32. h3 h5 33. Rd3 Ke7 34. a4 Kd7
35. a5 g6 36. f3 Nxe3+ 37. Nxe3 Rxd4 38. Rxd4 Bxd4 39. Nc2 Bc3 40. Kf2 d4 41.
Ke2 Ke6 42. Kd3 Kd5 43. g4 hxg4 44. fxg4 g5 0-1